| 000 | 00495nam a22001457a 4500 | ||
|---|---|---|---|
| 082 | _a004 | ||
| 100 | _aMajeed, Nausheed | ||
| 245 |
_aAdaptive Traffic Signal Control for Optimal Traffic Flow in Urban Areas of Pakistan / _cNausheed Majeed |
||
| 260 |
_aIslamabad : _bMCS - NUST, _c2012. |
||
| 300 |
_a48 p. ; _c30cm. |
||
| 650 |
_aComputer Software Engineering-MS-Thesis _916105 |
||
| 700 |
_aDr. Asif Masood _914088 |
||
| 942 |
_2ddc _cTHE |
||
| 999 |
_c541040 _d541040 |
||